01903agaaa2200313 45000010005000000030009000050050017000140070009000310080040000400400023000800410013001031000046001161300040001622400027002022450206002292460020004352500022004552600102004773000032005795080172006115110091007835200459008745380016013335460013013496500054013627000059014167000058014757000056015330912IT-RoPAU20220918181226.0d cvaizq50131s9999||||xx ||| | || ||und|| aIT-RoPAUcIT-RoPAU aITALIANO aHawks HowardgCodice regista SPICS: 11262 aUOMINI PREFERISCONO LE BIONDE (GLI) aMONKEY BUSINESSgT2259 aUOMINI PREFERISCONO LE BIONDE (GLI)cProdotto da: Siegel Sol C. -- Sceneggiatura: Lederer Charles -- Diretto da: Hawks HowardpUOMINI PREFERISCONO LE BIONDE (GLI) (Rif. Codice opera principale : 90912) aMONKEY BUSINESS aEdizione Standard a(USA)b20TH CENTURY FOX / Distribuzione: CBS-FOXg"1953 (1° ed.: 1990 ; Ed. Lingua Orig.: 1953)" aVHSbsonoro, b&wc88 minuti a"Fotografia: Wild Harry J.; Montaggio: Fowler Hugh; Musica: Carmichael Hoagy; Sceneggiatura: Lederer Charles; Scenografia: Carpentier Claude; Coreografia: Cole Jack; " a"Russell Jane; Monroe Marilyn; Coburn Charles; Reid Elliott; Holmes Taylor; Noonan To" aLORELI LEE E' L'UNICA BALLERINA AL MONDO CHE CON UN RIFLETTORE PUNTATO NEGLI OCCHI E' ANCORA IN GRADO DI VEDERE UN DIAMANTE NELLE TASCHE DI UN UOMO SEDUTO A TEATRO PER LORELI I DIAMANTI SONO I MIGLIORI AMICI DELLE DONNE E OLTRE A CANTARLO LO PENSA SUL SERIO TUTTO IL CONTRARIO DELLA SUA AMICA DOROTHY CHE SI SPOSERA' SOLO QUANDO INCONTRERA' IL VERO AMORE MENTRE L'OSSESSIONEPER LA RICCHEZZA PORTERA' LORELI VERSO UN MARE DI GUAI COMMEDIA MUSICALE ACOLORI aPAL, STEREO aITALIANO aCOMMEDIAeFILMS [VHS]xCodice MATERIA SPICS: 9960 aCarmichael Hoagye(musica)gCodice Musica SPICS: 10736 aHawks Howard e(regista)gCodice regista SPICS: 11262 aHecht Ben e(soggetto)gCodice Soggetto SPICS: 9138